000 00331nam a2200133Ia 4500
008 100328s9999 xx 000 0 und d
082 _b2686
100 _aElegant Robert S.
245 _aChina's Red Leaders
260 _bThe Bodley Head Ltd.
630 _aChina's Red Leaders
730 _aChina's Red Leaders
942 _cBOOK
999 _c498888
_d498885